| 000 | 01401cam a2200301 a 4500 | ||
|---|---|---|---|
| 001 | 599984 | ||
| 005 | 20060728215739.0 | ||
| 008 | 911115s1992 nyua bf 001 0 eng | ||
| 010 | _a 91043768 | ||
| 020 | _a0824785703 (acidfree paper) | ||
| 020 | _a9780824785703 (acidfree paper) | ||
| 040 |
_aDLC _cDLC _dDLC |
||
| 050 | 0 | 0 |
_aTJ930 _b.P578 1992 |
| 082 | 0 | 0 |
_a621.8672 _222 _bPIP |
| 245 | 0 | 0 |
_aPiping Design Handbook / _cEdited by John J. McKetta. |
| 260 |
_aNew York : _bM. Dekker, 1992 _cc1992. |
||
| 300 |
_axviii, 1198 p. : _bill. ; _c27 cm. |
||
| 500 | _aOriginally published: Encyclopedia of chemical processing and design / edited by J.J. McKetta and W.A. Cunningham. c1985. | ||
| 504 | _aIncludes bibliographical references and index. | ||
| 650 | 0 |
_aPiping _xDesign and construction _xHandbooks, manuals, etc. _923217 |
|
| 653 |
_bMec _cApril2011 |
||
| 700 | 1 |
_aMcKetta, John J., _d1915- _923218 |
|
| 730 | 0 |
_aEncyclopedia of chemical processing and design. _923219 |
|
| 856 | 4 | 2 |
_3Publisher description _uhttp://www.loc.gov/catdir/enhancements/fy0647/91043768-d.html |
| 942 |
_2ddc _cBB |
||
| 999 |
_c15149 _d15149 |
||